Codes Aéroport - Monde - Statistiques

Statistiques générales
  • Ce quiz a été pris 735 fois
  • Le résultat moyen est 15 sur 25
Statistiques - réponses
Code City % Correct
LAX Los Angeles
97%
JFK New York City
95%
SYD Sydney
92%
DKR Dakar
89%
BKK Bangkok
85%
PEK Pékin
83%
SEA Seattle
81%
CUN Cancun
77%
SIN Singapour
76%
SFO San Francisco
75%
CAI Le Caire
64%
NRT Tokyo
63%
MNL Manille
62%
YYZ Toronto
61%
NBO Nairobi
54%
GIG Rio de Janeiro
50%
ORD Chicago
49%
AKL Auckland
47%
EZE Buenos Aires
39%
CPT Le Cap
33%
LOS Lagos
28%
TBS Tbilissi
27%
SJC San José
25%
TNR Antananarivo
20%
IKA Teheran
16%
Aucun quiz correspondant
Distribution des résultats
% des personnes avec chaque résultat
Percentile par nombre de réponses
Votre historique - résultats
Vous n’avez pas pris ce quiz